College Quizbowl Stats
College Quizbowl Stats
Circuits
Seasons
Sets
Records
Detailed Stats
About
Loading...
2024 ACF Fall at Georgia
Tossups
Bonuses
Players
Teams
Categories (Tossup)
Categories (Bonus)
Allison Fisher
Tennessee B
Categories
Category
Powers
Gets
Negs
BBs
Points
Earliest Buzz
Avg. Buzz
First Buzzes
Top 3 Buzzes
BPA
PVF
Literature - American
0
1
0
0
10
62
62.00
0
1
0.00
0.00
Painting/Sculpture
0
1
0
0
10
93
93.00
0
0
0.00
0.00
Science - Chemistry
0
1
0
0
10
74
74.00
0
1
0.00
0.00
Social Science
0
1
0
1
10
114
114.00
0
0
0.00
0.00
Buzzes
Category
Answer
Value
Buzz Position
Literature - American
witchcraft
10
62
Science - Chemistry
calcium
10
74
Painting/Sculpture
kissing
10
93
Social Science
demand
10
114
Previous
1
Next